[Event "Metalska Trgovina CC 90"]
[Site "Ljubljana"]
[Date "2002.01.27"]
[Round "8"]
[White "Pavasovic, Dusko"]
[Black "Farago, Ivan"]
[Result "1-0"]
[WhiteElo "2547"]
[BlackElo "2500"]
[Annotator "Rogozenco,D"]
[PlyCount "91"]
[EventDate "2002.01.19"]
[EventType "tourn"]
[EventRounds "11"]
[EventCountry "SLO"]
[EventCategory "11"]
[SourceTitle "CBM 088"]
[Source "ChessBase"]
[SourceDate "2002.03.21"]
[SourceVersion "1"]
[SourceVersionDate "2002.03.21"]
[SourceQuality "1"]

1. e4 c5 2. c3 d5 3. exd5 Qxd5 4. d4 Nf6 5. Nf3 e6 6. Be3 {Designed to force
Black to exchange on d4, which generally favours White at such an early stage,
since the knight will be developd on c3 with gain of tempo.} Ng4 {If taking
into consideration statistics, then this should be a good move, since Black
scored well in the practice. However, it has some obvious drawbacks. Moving
the second time a developed piece in the opening might often be justified of
course, but here after taking on e3 it will improve White's pawns structure
and open the f-file. Also the absence of the knight weakens Black's kingside,
so it is slightly doubtful if trading White's bishop is worth all those
concessions.} (6... cxd4 {is objectively better.}) 7. Nbd2 (7. Bf4 $2 Qe4+)
7... Nxe3 {otherwise White might play Bf4, when the knight on g4 will be
totally misplaced.} 8. fxe3 Be7 9. Bd3 {Another option is 9.Bc4, though on the
diagonal b1-h7 the bishop looks at the right place. The queen on d5 is
unstable anyway, thus making no big difference between the game move and 9.Bc4,
if speaking about winning a tempo.} O-O 10. O-O {White is already
significantly better. He finished development and is ready for active actions
on the kingside.} Nc6 (10... Nd7 {would have left Black with big problems to
finish development.} 11. Qe2 $16) 11. Be4 Qh5 {A novelty, which doesn't bring
Black happiness anyway.} (11... Qd6 12. Nc4 Qc7 13. Nce5 $6 Nxe5 14. Nxe5 Bd6
15. Nf3 Bd7 $4 (15... f5 16. Bc2 b6) 16. Bxh7+ $1 Kxh7 17. Ng5+ Kg6 18. Nxf7 {
1-0 Altounian,L-Donaldson,J/USA 1995}) 12. Nc4 (12. Bxc6 bxc6 13. Ne5 Qxd1 14.
Raxd1 $14) 12... Qh6 $6 {The queen cannot find her place. She'll be soon
disturbed again on h6.} (12... cxd4 13. exd4 Bd7 {was called for.}) (12... Bd7
$2 13. dxc5 {attacking the bishop on d7.}) 13. Qe2 (13. Bxc6 bxc6 14. Qa4 {
leads to big advantage, but I guess White wanted a more convincing way
connected with a kingside attack.}) 13... Bd7 14. Nce5 Rad8 (14... Nxe5 15.
Nxe5 $16 {[%csl Rb7,Rd7,Rh7][%cal Gf1f3,Gf3h3]}) 15. Ng4 Qh5 16. Nfe5 {
Threatening 17.Nf6 and Qxh5} Qg5 (16... Kh8 $8 17. Rxf7 {A nice trick, which
strangely enough doesn't win immediately. Maybe White should be looking for
more than just a pawn up in the following line:} Nxe5 $1 (17... Rxf7 $2 18. Nh6
$1 $18) 18. Rxf8+ Rxf8 19. dxe5 {White is a pawn up, but after} b6 {Black can
fight, since white pieces don't coordinate so perfectly any longer.}) 17. Rf4 {
getting closer. Black queen has almost no air left.} Nxe5 (17... cxd4 18. h4 $1
Qxh4 19. Nxd7 Rxd7 20. Bxc6 bxc6 21. Ne5 $18) 18. dxe5 f5 {Loses by force, but
the alternative lead to a difficult position as well:} (18... Bc6 19. h4 Qxh4
20. Nf6+ Bxf6 21. Rxh4 Bxh4 22. Bxc6 bxc6 23. Rd1 $5 $16) 19. exf6 $18 Bd6 (
19... gxf6 20. Nxf6+ Bxf6 21. Rg4 $18) 20. Bxh7+ $1 Kh8 (20... Kxh7 21. Qd3+
$18) 21. fxg7+ Qxg7 22. Rxf8+ Rxf8 23. Be4 {Two extra pawns secure an easy win.
} Bb5 24. Bd3 Bc6 25. h3 Be8 26. Rf1 Bh5 27. Rxf8+ Bxf8 28. Qf3 Bxg4 29. hxg4
Bd6 30. Qh3+ Kg8 31. g5 Kf7 32. g6+ Ke7 33. Qh4+ Kd7 34. Qe4 Kc7 35. Qxe6 Qe5
36. Qxe5 Bxe5 37. Kf2 Kd6 38. Kf3 Bg7 39. Ke4 b6 40. g4 Ke6 41. g5 Kd6 42. Bc4
Kc6 43. Kf5 Kd6 44. e4 a5 45. a4 Be5 (45... Ke7 46. e5 Kd7 47. e6+ Kd6 48. Ke4)
46. g7 1-0

[Event "Metalska Trgovina CC 90"]
[Site "Ljubljana"]
[Date "2002.01.29"]
[Round "10"]
[White "Pavasovic, Dusko"]
[Black "Jelen, Igor"]
[Result "1-0"]
[WhiteElo "2547"]
[BlackElo "2374"]
[Annotator "Rogozenco,D"]
[PlyCount "107"]
[EventDate "2002.01.19"]
[EventType "tourn"]
[EventRounds "11"]
[EventCountry "SLO"]
[EventCategory "11"]
[SourceTitle "CBM 088"]
[Source "ChessBase"]
[SourceDate "2002.03.21"]
[SourceVersion "1"]
[SourceVersionDate "2002.03.21"]
[SourceQuality "1"]

1. e4 c5 2. Nf3 Nc6 3. c3 Nf6 4. e5 Nd5 5. d4 cxd4 6. cxd4 d6 7. Bc4 Nb6 8. Bb3
dxe5 9. d5 Na5 10. Nc3 Nxb3 (10... f6 {is the alternative. Looks ugly, but
saves a central pawn...}) 11. Qxb3 e6 12. Nxe5 exd5 13. Be3 Bd6 14. Qb5+ Kf8
15. Nf3 Be6 16. O-O $44 Nc4 $146 (16... h6 17. Rfd1 (17. Rad1 Kg8 18. Bd4 h5
19. Be3 h4 20. Ng5 Be7 21. f4 Bxg5 22. fxg5 Nc4 23. Nxd5 Nxe3 24. Nxe3 Qb6 25.
Qe5 Rh5 26. Kh1 h3 27. Nd5 hxg2+ 28. Kxg2 Bxd5+ 29. Qxd5 Qe6 30. Rd2 {1/2-1/2
Sermek,D-Tratar,M/St Veit 2000}) 17... Kg8 18. a4 Kh7 19. a5 Nc8 20. Nxd5 Qd7
21. Qd3+ Bf5 22. Qc4 Qe6 23. Nd4 Qg6 24. Nxf5 Qxf5 25. Nc7 Rb8 26. Rd5 Qg6 27.
Rad1 a6 28. h4 Rd8 29. h5 Qf6 30. Qe4+ Kg8 31. Ne8 Qe6 32. Nxd6 Rxd6 33. Qxe6
Rxe6 34. Rd8+ Kh7 35. Rf8 {1-0 Pavasovic,D-Tratar,M/Graz 2001}) 17. Qxb7 Qc8
18. Qxc8+ Rxc8 {The endgame looks equal. White's queenside majority is
neutralized in a way by Black's king, who can quickly be centralized.} 19. Bd4
$5 {Preventing 19...Ke7.} (19. Bxa7 Nxb2 {/\ Ke7=}) 19... Bc5 $1 (19... Nxb2
20. Nb5 Nc4 21. Nxa7 {and Black still have problems bringing his kingside rook
into play.}) 20. Bxc5+ (20. Rac1 $5) 20... Rxc5 21. Na4 (21. b4 Rc8 22. Rfc1
Ke7 $14 {/=.}) 21... Rc8 22. b3 $6 Na3 23. Nd4 (23. Rac1 Nc2 $1) 23... Ke7 $2 (
23... Nc2 {In fact the only move. In the game the knight was stuck on a3.} 24.
Nxc2 Rxc2 25. Rfc1 Rxc1+ 26. Rxc1 Ke7 {Followed by Kd6 and Rb8-b4 is very okay
for Black. Now if White takes the pawn Black gets a strong counterplay:} 27.
Rc7+ Kd6 28. Rxa7 Rc8 $132) 24. Rac1 {[%csl Ra3]} Kd6 25. f3 Rxc1 {The arising
endgame might be just lost, but there is not a sensible plan. Besides the
simple plan to centralize his king, White can play Nc3 and Rfd1 next, so Black
must do something.} (25... Bd7 26. Nc3 Rc5 27. Rfd1 Rhc8 28. Nde2 $16 {[%csl
Ra3,Rd5,Rd6]}) 26. Rxc1 Rc8 27. Rxc8 Bxc8 28. Kf2 {Black has a very difficult
position. The problem is that he cannot bring his knight into play.} Bd7 29.
Nc3 h5 $6 (29... Kc5 $142) 30. h4 f6 31. Ke3 Kc5 32. Nce2 g5 $2 (32... Nb5 33.
Nxb5 Bxb5 34. Nd4 (34. Nf4 d4+ 35. Kd2 g5 {here Black has some chances to
escape thanks to his activity and reduced material.}) 34... Bd7 35. a3 a5 36.
Kd3 g5 37. g3 $16) 33. g4 $1 {Typical.} gxh4 (33... hxg4 34. h5 gxf3 35. h6
fxe2 36. Kxe2 Kxd4 37. h7 $18) 34. gxh5 Be8 35. h6 Bg6 36. Ne6+ Kd6 37. Nf8 Bc2
38. Nf4 h3 39. Kf2 d4 40. Kg3 d3 41. h7 d2 42. h8=Q d1=Q 43. Qxf6+ Kc5 44. Qe7+
Kb5 45. Qb7+ Ka5 46. Qxa7+ Kb4 47. Qe7+ Kb5 48. Nxh3 Nb1 {The knight missed
its chance on move 23 and now has a poor fate to watch White's cavalry mating
black king.} 49. Nd7 Qd5 50. Nf4 Qf5 51. Ne5 Qc8 52. a4+ Ka6 53. Qd6+ Kb7 54.
Nd5 1-0

[Event "Metalska Trgovina CC 90"]
[Site "Ljubljana"]
[Date "2002.01.26"]
[Round "7"]
[White "Pavasovic, Dusko"]
[Black "Kharlov, Andrei"]
[Result "1/2-1/2"]
[WhiteElo "2547"]
[BlackElo "2638"]
[Annotator "Rogozenco,D"]
[PlyCount "35"]
[EventDate "2002.01.19"]
[EventType "tourn"]
[EventRounds "11"]
[EventCountry "SLO"]
[EventCategory "11"]
[SourceTitle "CBM 088"]
[Source "ChessBase"]
[SourceDate "2002.03.21"]
[SourceVersion "1"]
[SourceVersionDate "2002.03.21"]
[SourceQuality "1"]

1. e4 c5 2. c3 Nf6 3. e5 Nd5 4. Nf3 Nc6 5. Bc4 Nb6 6. Bb3 d6 (6... c4 7. Bc2
Qc7 8. Qe2 g5 {is another fashionable line. 6. ... d6 is more solid, but also
less ambitious, since most of the resulting positions are very close to draw.})
7. exd6 (7. e6 {is an interesting, though slightly dubious pawn sac, never
played on the high level.}) 7... Qxd6 8. Na3 {The move order in Sicilian
Alapin is so various, that there are many possible transpositions. Here too,
White tries to get a favourable version of a different line, but Andrei
Kharlov himself is a big specialist of 2.c3 Sicilian, so he easily equalizes.}
Be6 9. d4 Bxb3 {Most precise way to solve all the problems.} (9... cxd4 10. Nb5
Qd7 11. Bxe6 Qxe6+ 12. Be3 Qd7 13. Nbxd4 {is another equal line, though here
White might claim a slight initiative.}) 10. Qxb3 cxd4 11. Nb5 Qd7 12. Nbxd4
Nxd4 13. Nxd4 e6 (13... g6 14. O-O Bg7 15. Rd1 O-O 16. Be3 Nc8 17. Nb5 Qc6 18.
Rd5 b6 19. Rad1 a6 20. Nd4 Bxd4 21. R5xd4 Nd6 22. Bg5 {White has the
initiative, 1/2-1/2 Sermek,D-Pelletier,Y/Leon 2001 (43)}) (13... e5 $5 14. Nf3
Qc6 15. O-O Bd6 16. Qc2 O-O 17. Re1 f6 18. Nh4 Rf7 19. Nf5 Bf8 $11 {0-1 Garcia
Gil,J-Asensio,T/Barcelona 1997 (64)}) 14. O-O (14. Bg5 Be7 15. Bxe7 Qxe7 16.
Qb5+ Qd7 17. Qxd7+ Kxd7 18. O-O-O Ke7 19. b3 Rhd8 20. c4 Rac8 21. Kb2 a6 {
1/2-1/2 Hegde,R-Geller,E/Coimbatore 1987 (21)}) 14... Be7 15. Rd1 O-O 16. Nb5 (
16. Nf5 Qc7 17. Nxe7+ Qxe7 18. Be3 Nd5 $11) 16... Qc6 17. Be3 Bc5 18. Bxc5 $11
1/2-1/2

[Event "Olympiad-38"]
[Site "Dresden"]
[Date "2008.11.22"]
[Round "9"]
[White "Parligras, Mircea Emilian"]
[Black "Nedev, Trajce"]
[Result "1-0"]
[WhiteElo "2611"]
[BlackElo "2525"]
[Annotator "Rogozenco,D"]
[PlyCount "55"]
[EventDate "2008.11.13"]
[EventType "team-swiss"]
[EventRounds "11"]
[EventCountry "GER"]
[SourceTitle "CBM 128"]
[Source "ChessBase"]
[SourceDate "2009.01.28"]
[SourceVersion "1"]
[SourceVersionDate "2009.01.28"]
[SourceQuality "1"]
[WhiteTeam "Romania"]
[BlackTeam "Macedonia"]
[WhiteTeamCountry "ROU"]
[BlackTeamCountry "MKD"]

1. e4 c5 2. c3 Nf6 3. e5 Nd5 4. d4 cxd4 5. Nf3 d6 6. cxd4 Nc6 7. Bc4 e6 8. O-O
Be7 9. Qe2 O-O 10. Nc3 Nxc3 11. bxc3 dxe5 12. dxe5 Qa5 {In this complicated
opening variation, practice has proved that White's initiative fully
compensates for his positional drawbacks. In order to play it with the black
pieces one must be prepared for precise defence.} 13. Bd2 {The strongest
continuation. White simply develops and keeps material equality. The pawn on
e5 secures White a space advantage on the kingside and possibilities to
develop an attack there.} ({In the event of} 13. Rb1 Qxc3 {it is questionable
if White has complete compensation.}) (13. Qe4 {allows Black a favourable pin
of the bishop} Qa4 {since exchanging the queens would be a clear achievement
for Black.}) 13... Rd8 14. Rfe1 {It is instructive to see how the Romanian GM
combines his attacking moves with protecting potential weaknesses.} Bd7 15. Bb3
{White has an easy game: he builds the battery on the diagonal b1-h7, provokes
the answer ...g7-g6 and then advances the h-pawn. This doesn't automatically
create a decisive attack (Black has enough possibilities to create some
counterplay in the centre and on the queenside), but Black's position is
certainly dangerous and requires precision.} Qc5 $146 {A good novelty: Black
prepares the move ...Na5 and the queen is better placed on c5 than on a3.} (
15... Qa3 16. Qe4 Na5 17. Ng5 $1 g6 (17... Bxg5 $142 18. Bxg5 $14) 18. Qf3 Be8
19. Qh3 h5 20. Bc1 $1 $18 {1-0 Vajda,L (2545)-Pucher,O (2303)/France 2007 (24)}
) (15... Be8 16. Qe4 Rd7 17. Rac1 Qd8 18. Bc2 g6 19. Bh6 Rc8 20. Qf4 Na5 21.
Ng5 Rc4 22. Ne4 Rd5 23. h4 $1 Bxh4 24. Re3 Rd2 25. Rh3 Bxf2+ 26. Kh2 Rxe4 27.
Bxe4 Nc4 28. Bg5 Qb6 29. Bf6 Be3 30. Qh4 h5 31. Qxh5 $1 Rxg2+ 32. Bxg2 {
1-0 Vajda,L (2582)-Zagorskis,D (2509)/Dresden 2008}) 16. Qe4 Be8 (16... Na5 $5
17. Ng5 (17. Bc2 g6) 17... Bxg5 (17... g6 18. Qf3 Be8 19. Qh3 $40) 18. Bxg5 Bc6
19. Qg4 (19. Qh4 Nxb3 20. axb3 Rd3 $132) 19... Nxb3 20. axb3 Rd3 21. Bh6 Qf8
$14 {/=}) 17. Rac1 {This move contains a deep idea: since White doesn't want
to exchange pieces, the rook is does not belong on the d-file. On the b-file
it only attacks the b7-pawn, which Black can easily protect. White's plan is
to remove the dark-squared bishop from d2 (to g5 or h6) and therefore the
c3-pawn needs protection, that's why at this moment the c1-square is the best
for the rook.} Rd7 $2 {The cause of the future troubles. Besides spending time
(it is not clear yet if Black really needs to double rooks on the d-file), 17..
.Rd7 also closes an important diagonal, ruling out the possibillity to come
with the bishop to c6 when necessary.} ({Black had to continue} 17... Na5 18.
Bc2 (18. Bg5 Bc6 $132) 18... g6 $13 {and now for instance} 19. h4 $6 {runs into
} Bc6 $132 {[%csl Rd2]}) 18. h4 $40 Na5 ({Another variation that shows the
drawbacks of the rook on d7:} 18... h5 19. Ng5 g6 20. Nxf7 $1 Bxf7 (20... Kxf7
21. Qf4+ $18) 21. Bxe6 $1 $18 {[%csl Rg6]}) 19. Bc2 g6 20. h5 Nc4 (20... Qc4
$142 {With this move Black at least forces White to place the knight on d4,
although White still has a dangerous attack.} 21. hxg6 hxg6 22. Nd4 Qxa2 23.
Qg4 $44 (23. Ra1 Qd5 24. Qg4 Nc4 $13)) 21. Bh6 Rd5 22. hxg6 hxg6 23. Qf4 Rad8 (
23... Rc8 24. Bg5 $16) 24. Re2 $16 Na3 $6 (24... b5 25. Rce1 Qa3 26. Bg5 $16)
25. Bb3 Rd3 26. Bg5 Bc6 (26... Rxf3 27. gxf3 Bxg5 28. Qxg5 $18) 27. Qh4 $18
Bxg5 28. Nxg5 1-0

[Event "Moscow Aeroflot op"]
[Site "Moscow"]
[Date "2002.02.07"]
[Round "4"]
[White "Sveshnikov, Evgeny"]
[Black "Zubarev, Alexander2"]
[Result "1-0"]
[WhiteElo "2565"]
[BlackElo "2480"]
[Annotator "Rogozenco,D"]
[PlyCount "63"]
[EventDate "2002.02.04"]
[EventType "swiss"]
[EventRounds "9"]
[EventCountry "RUS"]
[SourceTitle "CBM 088"]
[Source "ChessBase"]
[SourceDate "2002.03.21"]
[SourceVersion "1"]
[SourceVersionDate "2002.03.21"]
[SourceQuality "1"]

1. e4 c5 2. c3 Nf6 3. e5 Nd5 4. Nf3 e6 5. Bc4 d6 6. d4 Nc6 7. O-O cxd4 8. cxd4
Be7 9. Qe2 O-O 10. Re1 {Another interesting idea of the inventive Russian GM
Evgeny Sveshnikov. He played it many times already and in this game makes an
improvement over his earlier games. 10.Re1 is an useful waiting move, which
one might argue that it doesn't bring the opening advantage. Well, there is no
clear way for opening advantage after other moves either, and White has tried
various continuations. Below are main of them, with Black's possible (in my
opinion best) answers after that:} (10. a3 Qb6 {[%csl Rb3,Rd4][%cal Gc6a5]}) (
10. Rd1 Na5 11. Bd3 Nb4) (10. Nc3 Nxc3 11. bxc3 dxe5 12. dxe5 Qa5) (10. Qe4 Bd7
$5) 10... Qb6 {Attacks pawn d4 and goes for a forced line. The alternatives 10.
... Bd7 and 10. ... Na5 are at least not worse.} 11. Qe4 dxe5 12. dxe5 Bc5 13.
Re2 Nd4 14. Nxd4 Bxd4 15. Na3 $146 (15. Rd2 Bc5 16. Nc3 Nxc3 17. bxc3 Rd8 18.
Rxd8+ (18. Rb1 Qc7 19. Rb3 {1/2-1/2 Salinnikov,D-Nadyrhanov,S/St Petersburg
2000}) 18... Qxd8 19. Be3 Bxe3 20. Qxe3 Bd7 21. Rd1 Qc7 $11 {1/2-1/2
Sveshnikov,E-Kozul,Z/Bled 2001 (44)}) (15. Nd2 Bxb2 16. Bxb2 Qxb2 17. Nb3 Qa3
18. Rd2 Bd7 19. Bxd5 exd5 20. Qxd5 Bc6 $11 {1/2-1/2 Sveshnikov,E-Jakovenko,D/
Samara 2000 (66)}) 15... f5 $6 {A responsible decision, which will have bad
consequences. Black takes away square e4 from White's pieces and closes the
diagonal b1-h7, but weakens the seventh rank and the diagonal a2-g8. Also now
the knight on d5 became unstable, since Bxd5 followed by Qxd5 will be a threat.
White usually forces f7-f5 by playing Bd3.} (15... Bd7 {is a slight edge for
White.} 16. Bd3 (16. Qh4 $5) (16. Nc2 Bc5 17. Bxd5 $2 exd5 18. Qxd5 Bg4 $17)
16... f5 17. exf6 Nxf6 18. Qh4 $14) 16. Qf3 Nb4 17. Bf4 Bd7 18. Rd1 {Black is
in deep trouble.} Ba4 (18... Nc6 19. Red2 $16 {/+-}) 19. b3 Bc6 (19... Be8 20.
Bxe6+ (20. Red2 Bc5 21. Be3 $5 $16) 20... Qxe6 21. Rxd4 Bc6 $16) 20. Bxe6+ Kh8
21. Qg3 Rad8 22. Red2 Nxa2 {Takes back the pawn, but doesn't help. White is
much better coordinated.} 23. Nc4 (23. Rxa2 $2 Bxf2+ $19) 23... Qc5 24. Bg5
Rde8 25. Rxd4 Rxe6 26. Rd6 Rxd6 (26... Rfe8 27. Qd3 $5 $16 {[%csl Rf5] /+-})
27. exd6 f4 {A pawn sac in order to bring the knight into play. However, it is
out of desperation, as White is totally winning.} 28. Bxf4 Nc3 29. Qxc3 Rxf4
30. Qe3 Qg5 31. f3 h6 32. d7 1-0

[Event "Bundesliga 0506"]
[Site "Germany"]
[Date "2006.01.29"]
[Round "9.4"]
[White "Hansen, Sune Berg"]
[Black "Chuchelov, Vladimir"]
[Result "1-0"]
[WhiteElo "2555"]
[BlackElo "2534"]
[Annotator "Rogozenco,D"]
[PlyCount "77"]
[EventDate "2005.10.21"]
[EventType "team-tourn"]
[EventRounds "15"]
[EventCountry "GER"]
[SourceTitle "CBM 111"]
[Source "ChessBase"]
[SourceDate "2006.04.04"]
[SourceVersion "1"]
[SourceVersionDate "2006.04.04"]
[SourceQuality "1"]
[WhiteTeam "Hamburger SK"]
[BlackTeam "Katernberg"]
[WhiteTeamCountry "GER"]
[BlackTeamCountry "GER"]

1. e4 c5 2. Nf3 Nc6 3. c3 d5 4. exd5 Qxd5 5. d4 e6 6. Be3 cxd4 7. cxd4 Nf6 8.
Nc3 Qd6 9. Bd3 Be7 10. O-O O-O 11. a3 b6 12. Qe2 Bb7 13. Rad1 Rad8 14. Bb1 Rfe8
15. Rfe1 Qb8 16. h3 {Apparently a harmless move, but in fact often very useful.
The position is of such nature that Black must always watch out different
tactical ideas from White. After the opening of the position it is important
for White to avoid back rank problems.} ({The main continuation goes} 16. Bg5
g6 17. Ba2 {and here too Black still needs to play very accurate in order to
claim complete equality.}) 16... g6 17. Ba2 Bf8 $146 (17... Qa8 18. Nb5 (18. d5
$5) 18... Ba6 19. Bc4 Nd5 20. Bh6 Bf8 21. Bg5 f6 22. Be3 Nce7 23. Nc3 Bxc4 24.
Qxc4 Rc8 25. Qb3 Qc6 $11 {1/2-1/2 Pavasovic,D (2510)-Kobalija,M (2573)/Batumi
1999 (45)}) 18. d5 $1 (18. Bg5 {is a logical alternative. On the other hand on
e3 the bishop neutralizes Black's pressure on the e-file and therefore it
makes sense to play d4-d5 at once.}) 18... exd5 19. Nxd5 Nxd5 20. Bxd5 {
The position simplified, but again, it is Black who must be very accurate. The
problem is that Black does not have a clear way to equality - everywhere there
are some problems. White has several unpleasant ideas, first of all Qc4 and
Ng5. Sometimes even sacrifices on f7 are possible.} Ne7 (20... Bc5 $6 21. Bxf7+
$1 Kxf7 22. Rxd8 Qxd8 (22... Rxd8 23. Bh6 $18 {[%cal Ge2c4,Ge2e6]}) (22... Nxd8
23. Qc4+ $18) 23. Qc4+ Kg7 24. Qc3+ Kg8 25. Bxc5 Rxe1+ (25... bxc5 26. Qb3+ $16
) 26. Nxe1 bxc5 27. Qb3+ c4 28. Qxb7 Qd1 29. Kf1 $16) (20... Bg7 $2 21. Bxf7+
Kxf7 22. Qc4+ Kf8 23. Ng5 $18) (20... Na5 21. Ba2 $5 $14 {[%csl Ra5]}) 21. Bxb7
Qxb7 (21... Rxd1 $5 22. Rxd1 Qxb7 23. Bd4 Qc7 24. Re1 Rc8) 22. Bd4 $1 Qb8 $6 ({
White's advantage after} 22... Nc6 23. Qxe8 Rxe8 24. Rxe8 Nxd4 25. Rxd4 Kg7 {
is obvious. On the other hand Black's decision is hardly better.}) (22... Rd5)
23. Be5 Qc8 24. Rxd8 Rxd8 (24... Qxd8 25. Bf6 (25. Bc3 $5) 25... Qd6 26. Qe5
$36) 25. Qe4 Qc6 $2 {This natual move seems to be the decisive mistake already.
} (25... Nf5 $14) 26. Qh4 $1 {[%cal Ge5f6]} Re8 (26... Rc8 27. Nd4 {[%cal
Gh4f6]} Nf5 28. Nxf5 gxf5 29. Re3 $18) 27. Qf6 $1 Qxf6 28. Bxf6 h6 29. h4 $18 {
A nice position of almost a zugzwang. Black can move only his king and pawns.}
a6 30. a4 Kh7 31. Kf1 Kg8 32. b3 Kh7 33. Re3 Kg8 34. g4 Kh7 35. h5 b5 36. axb5
axb5 37. Ng1 Kg8 38. Ne2 Kh7 39. Nf4 (39. Nf4 g5 (39... gxh5 40. Nxh5 Kg6 41.
f4 Kh7 42. Bh4 $18) 40. Ne2 (40. Nd5 Nxd5 41. Rxe8 Nxf6 42. Rxf8 Kg7 43. Rb8
$18) 40... Kg8 41. Ng3 Kh7 42. Nf5 Nxf5 43. Rxe8 $18) 1-0